Eastern Utah Libraries Catalog: Duchesne, Heber, Roosevelt, & Vernal

Black light / (Record no. 34792)

MARC details
000 -LEADER
fixed length control field 00819cam a2200313 a 4500
003 - CONTROL NUMBER IDENTIFIER
control field OCoLC
005 - DATE AND TIME OF LATEST TRANSACTION
control field 20241220114438.0
008 - FIXED-LENGTH DATA ELEMENTS--GENERAL INFORMATION
fixed length control field 951024s1996 nyu 000 1 eng
001 - CONTROL NUMBER
control field ocm33404018
010 ## - LIBRARY OF CONGRESS CONTROL NUMBER
LC control number 95043079
020 ## - INTERNATIONAL STANDARD BOOK NUMBER
International Standard Book Number 0385480423 :
Terms of availability $23.95
035 ## - SYSTEM CONTROL NUMBER
System control number (Sirsi) i9780385480420
040 ## - CATALOGING SOURCE
Original cataloging agency DLC
Transcribing agency DLC
Modifying agency OCL
-- IJC
-- JRS
049 ## - LOCAL HOLDINGS (OCLC)
Holding library JRSA
050 00 - LIBRARY OF CONGRESS CALL NUMBER
Classification number PS3558.U494
Item number B53 1996
082 00 - DEWEY DECIMAL CLASSIFICATION NUMBER
Classification number 813/.54
Edition number 20
099 ## - LOCAL FREE-TEXT CALL NUMBER (OCLC)
Classification number fic Hunter
092 ## - LOCALLY ASSIGNED DEWEY CALL NUMBER (OCLC)
Classification number HUN
100 1# - MAIN ENTRY--PERSONAL NAME
Personal name Hunter, Stephen,
Dates associated with a name 1946-
9 (RLIN) 10260
245 10 - TITLE STATEMENT
Title Black light /
Statement of responsibility, etc Stephen Hunter.
250 ## - EDITION STATEMENT
Edition statement 1st ed.
260 ## - PUBLICATION, DISTRIBUTION, ETC. (IMPRINT)
Place of publication, distribution, etc New York :
Name of publisher, distributor, etc Doubleday,
Date of publication, distribution, etc 1996.
300 ## - PHYSICAL DESCRIPTION
Extent 463 p. ;
Dimensions 25 cm.
650 #0 - SUBJECT ADDED ENTRY--TOPICAL TERM
Topical term or geographic name as entry element Revenge
Form subdivision Fiction.
9 (RLIN) 5673795
655 #7 - INDEX TERM--GENRE/FORM
Genre/form data or focus term Adventure fiction.
Source of term gsafd
9 (RLIN) 6154643
942 ## - ADDED ENTRY ELEMENTS (KOHA)
Koha item type BOOK
979 ## -
-- 454677
998 ## - LOCAL CONTROL INFORMATION (RLIN)
-- a76483
Holdings
Withdrawn status Lost status Source of classification or shelving scheme Damaged status Not for loan Collection code Home library Current library Shelving location Date acquired Source of acquisition Cost, normal purchase price Total Checkouts Total Renewals Full call number Barcode Date last seen Date checked out Cost, replacement price Price effective from Koha item type
    Dewey Decimal Classification     Fiction Wasatch County Library Wasatch County Library First Floor 01/05/2018 Donation 23.95 6 2 F Hunter 34301001521535 02/29/2024 11/22/2022 23.95 03/20/2020 BOOK
This project was made possible through a grant from the Institute of Museum and Library Service administered by the Utah State Library Division.

Wasatch County Library

  • 465 East 1200 South, Heber City, Utah 84032
  • Phone 435-654-1511 | Fax 435-654-6456

Hours

  • Monday - Friday 9:30 AM - 8:00 PM
  • Saturday 9:30 AM - 1:30 PM
  • Closed Sundays and Holidays